Bosnia and Herzegovina : Staff Report for the 2005 Article IV Consultations.

Bosnia and Herzegovina's 2005 Article IV Consultation reports that inflation has stabilized at industrial country rates, anchored by the currency board. About half of activity is accounted for by the private sector and banks have been almost completely privatized to nonresidents. The fiscal sys...

Повний опис

Бібліографічні деталі
Співавтор: International Monetary Fund
Формат: Журнал
Мова:English
Опубліковано: Washington, D.C. : International Monetary Fund, 2005.
Серія:IMF Staff Country Reports; Country Report ; No. 2005/199
Онлайн доступ:Full text available on IMF
LEADER 01535cas a2200241 a 4500
001 AALejournalIMF022849
008 230101c9999 xx r poo 0 0eng d
020 |c 20.00 USD 
020 |z 9781451804898 
022 |a 1934-7685 
040 |a BD-DhAAL  |c BD-DhAAL 
110 2 |a International Monetary Fund. 
245 1 0 |a Bosnia and Herzegovina :   |b Staff Report for the 2005 Article IV Consultations. 
264 1 |a Washington, D.C. :  |b International Monetary Fund,  |c 2005. 
300 |a 1 online resource (76 pages) 
490 1 |a IMF Staff Country Reports 
500 |a <strong>Off-Campus Access:</strong> No User ID or Password Required 
500 |a <strong>On-Campus Access:</strong> No User ID or Password Required 
506 |a Electronic access restricted to authorized BRAC University faculty, staff and students 
520 3 |a Bosnia and Herzegovina's 2005 Article IV Consultation reports that inflation has stabilized at industrial country rates, anchored by the currency board. About half of activity is accounted for by the private sector and banks have been almost completely privatized to nonresidents. The fiscal system, though fractured, has delivered a fiscal consolidation of 8 percentage points of GDP in four years, taking the balance to a deficit of 0.6 percent of GDP in 2004. 
538 |a Mode of access: Internet 
830 0 |a IMF Staff Country Reports; Country Report ;  |v No. 2005/199 
856 4 0 |z Full text available on IMF  |u https://elibrary.imf.org/openurl?genre=journal&issn=1934-7685&volume=2005&issue=199  |z IMF e-Library